| 000 | 01252nam0a22003491 4500 | ||
|---|---|---|---|
| 001 | v19\rc\1693309 | ||
| 005 | 20250619024340.0 | ||
| 035 | _a(NLR Aleph) 004796621 | ||
| 090 |
_a4785285 _c4785285 |
||
| 100 | _a20061002d1897 |||y0rusy50 ca | ||
| 101 | 0 | _arus | |
| 102 | _aRU | ||
| 105 | _aac z |||a| | ||
| 200 | 1 |
_aПерсия при Наср-Эдин-Шахе с 1882 по 1888 г. _eОчерки в рассказах Мисль-Рустема |
|
| 210 |
_aСанкт-Петербург _cтип. и лит. В.А. Тиханова _d1897 |
||
| 215 |
_aVIII, 180 с., 1 л. фронт. (портр.) _cил. _d22 |
||
| 532 | 1 | 1 | _aПерсия при Наср-Эдин-Шахе с тысяча восемьсот восемьдесят второго по 1888 г. |
| 700 | 0 | _aМисль-Рустем | |
| 702 | 0 |
_aНасреддин _cперс. шах _f1848-1896 _4570 |
|
| 801 | 0 |
_aRU _bNLR _gpsbo |
|
| 801 | 0 |
_aRU _bRuMoRGB _2psbo |
|
| 801 | 1 |
_aRU _bProSoft-M _2rusmarc |
|
| 852 |
_aNLR _j20.88.3.60 |
||
| 899 |
_aRuMoRGB _jA 201/1012 |
||
| 899 |
_aRuMoRGB _jB 42/385 |
||
| 899 |
_aRuMoRGB _jT 89/189 |
||
| 899 |
_aRuMoRGB _jФ 1-71/11801 |
||
| 899 | _aБАН | ||
| 899 | _aНБ СПбГУ | ||
| 899 | _aГПИБ | ||
| 942 | _cBOOK | ||
| 980 | _aNB | ||